<?xml version="1.0" encoding="UTF-8"?>
<collection xmlns="http://www.loc.gov/MARC21/slim">
 <record>
  <leader>01200nam a22002177a 4500</leader>
  <controlfield tag="001">NCT_4_013201</controlfield>
  <controlfield tag="008">240927b        xxu||||| |||| 00| 0 vie d</controlfield>
  <datafield tag="999" ind1=" " ind2=" ">
   <subfield code="c">8624</subfield>
   <subfield code="d">8624</subfield>
  </datafield>
  <datafield tag="020" ind1=" " ind2=" ">
   <subfield code="c">40000</subfield>
  </datafield>
  <datafield tag="082" ind1="0" ind2="4">
   <subfield code="2">23rd ed.</subfield>
   <subfield code="a">330</subfield>
   <subfield code="b">Qu451</subfield>
  </datafield>
  <datafield tag="100" ind1="1" ind2=" ">
   <subfield code="a">Lê Minh Quốc</subfield>
  </datafield>
  <datafield tag="245" ind1="1" ind2="0">
   <subfield code="a">Bạch Thái Bưởi</subfield>
   <subfield code="b">- Khẳng định doanh tài đất Việt</subfield>
   <subfield code="c">Lê Minh Quốc , các chuyên gia của PACE</subfield>
  </datafield>
  <datafield tag="260" ind1=" " ind2=" ">
   <subfield code="a">Tp. Hồ Chí Minh</subfield>
   <subfield code="b">Trẻ , Tổ Hợp Giáo Dục PACE</subfield>
   <subfield code="c">2007</subfield>
  </datafield>
  <datafield tag="300" ind1=" " ind2=" ">
   <subfield code="a">192 tr.</subfield>
   <subfield code="c">20 cm</subfield>
  </datafield>
  <datafield tag="490" ind1=" " ind2=" ">
   <subfield code="a">Đạo kinh doanh Việt Nam và Thế giới</subfield>
  </datafield>
  <datafield tag="520" ind1="3" ind2=" ">
   <subfield code="a">Tập sách kể chuyện về triết lí và bí quyết kinh doanh thành công của doanh nhân Việt Nam Bạch Thái Bưởi trong hoạt động kinh doanh: buôn gỗ, thầu thuế chợ, kinh doanh thuyền trên sông nước, khai mỏ...</subfield>
  </datafield>
  <datafield tag="653" ind1=" " ind2=" ">
   <subfield code="a">Sách tham khảo</subfield>
  </datafield>
  <datafield tag="710" ind1=" " ind2=" ">
   <subfield code="a">Các chuyên gia của PACE</subfield>
  </datafield>
  <datafield tag="942" ind1=" " ind2=" ">
   <subfield code="2">ddc</subfield>
   <subfield code="c">BK</subfield>
  </datafield>
  <datafield tag="952" ind1=" " ind2=" ">
   <subfield code="0">0</subfield>
   <subfield code="1">0</subfield>
   <subfield code="2">ddc</subfield>
   <subfield code="4">0</subfield>
   <subfield code="6">330_000000000000000_QU451</subfield>
   <subfield code="7">0</subfield>
   <subfield code="9">29547</subfield>
   <subfield code="a">000001</subfield>
   <subfield code="b">000001</subfield>
   <subfield code="d">2024-09-27</subfield>
   <subfield code="o">330 Qu451</subfield>
   <subfield code="p">TK.04680</subfield>
   <subfield code="r">2024-09-27</subfield>
   <subfield code="v">40000.00</subfield>
   <subfield code="w">2024-09-27</subfield>
   <subfield code="y">BK</subfield>
  </datafield>
  <datafield tag="980" ind1=" " ind2=" ">
   <subfield code="a">Thư viện Trường Đại học Nam Cần Thơ</subfield>
  </datafield>
 </record>
</collection>
